000 00700cam a2200229 4500
008 090401t1986 xxu||||| |||| 00| 0 eng d
020 _a0906225108
035 _a(Sirsi) u74976
041 _aeng
050 _a692.50285
100 _aWager, Denis
245 _aCAD systems and the quantity surveyor: a report
260 _aCambridge
_bConstruction Industry Computing Associat
_c1986
300 _a54p. : ill. ; 30cm.
350 _a35
520 _aStudy commissioned by Health Authorities Regional Quantity Surveyors` Association .
650 _aCOMPUTER AIDED DESIGN
650 _aBUILT ENVIRONMENT-QUANTITY SURVEYING
700 _aWilson, Roger
942 _n0
948 _c04/03/1997
999 _c95947
_d95947